| 000 | 01205nam a2200337 a 4500 | ||
|---|---|---|---|
| 001 | 000113948 | ||
| 003 | CHAP | ||
| 005 | 20220329144420.0 | ||
| 008 | 171010s2017 mx a fsm |||||||spa d | ||
| 010 | _a110409 | ||
| 011 | _a111381 | ||
| 040 | _cCHAP | ||
| 090 | _aTesis | ||
| 100 | 1 |
_aAguilar López, Mario Arturo _9133745 |
|
| 245 | 1 | 0 |
_aPruebas de permutación enfocadas al análisis de diseños experimentales unifactoriales / _h[En línea] _cpor Mario Arturo Aguilar López. |
| 260 |
_aChapingo, Méx. : _bEl autor, _c2017. |
||
| 500 | _aPara ver el contenido del material haga clic en la liga | ||
| 502 | _aTesis (Lic. en Estadística) -- UACH. División de Ciencias Forestales | ||
| 590 |
_aBATCH _b00 _c20181121 _lUCH01 _h0758 |
||
| 590 |
_aE8697GMM _b05 _c20171010 _lUCH01 _h1129 |
||
| 590 |
_aE8697GMM _b05 _c20171010 _lUCH01 _h1208 |
||
| 590 |
_aE8697GMM _b05 _c20171010 _lUCH01 _h1328 |
||
| 650 | 1 | 4 |
_aAnálisis de la varianza. _95969 |
| 650 | 1 | 4 |
_aDiseños experimentales. _932735 |
| 650 | 1 | 4 |
_aEstadística _xMetodología. _938253 |
| 856 |
_a1 _n0000085 |
||
| 856 |
_aFinding aid _uhttp://10.13.5.2/tesis/sist113948.pdf _zTeclea aquí |
||
| 901 | _aBK | ||
| 942 | _cTESIS | ||
| 942 | _n0 | ||
| 999 |
_c110409 _d110409 |
||